000 02429cam a22005294i 4500
003 PE-LiUPU
005 20250731172904.0
008 170123s2016 xxu r b 001 0 eng d
020 _a162837134X
020 _a9781628371345
035 _a(Sirsi) a166345
040 _aPE-LiUPU
_bspa
_cPE-LiUPU
_erda
049 _aPRUA
082 0 4 _a224.906
_bP8
_223
245 0 0 _aPriests & cults in the Book of the Twelve /
_cedited by Lena-Sofia Tiemeyer.
264 1 _aAtlanta, GA :
_bSBL Press,
_c[2016]
300 _ax, 257 páginas ;
_c23 centimetros.
336 _atext
_2rdacontent
337 _aunmediated
_2rdamedia
338 _avolume
_2rdacarrier
490 0 _aAncient Near East monographs ;
_vnumber 14
504 _aBibliografía : páginas 257.
504 _aÍndices: páginas 235-255.
505 0 _aIntrodcution -- Idolatry, apostasy, prostitution: hosea´s struggle against the cult -- Hosea´s exodus mythology and the book of the twelve -- Penitential priests in the twelve -- Joel, the cult, and the book of the twelve Priests and profits: Joel and malachi -- A farewell to the anticultic prophet: acttitudes towarda the cult in the book of the twelve, and beyond The "idolatrous priests" in the book of zephaniah -- The priesthood in the presian period: haggai, zechariah, and malachi.
526 _aSEG42
526 _aSEG41
526 _aSEG40
526 _aSEG39
526 _aP94
526 _aP87
526 _aP86
526 _aP85
526 _aP77
526 _aP76
526 _aP35
650 0 4 _aSacerdotes judíos.
650 0 4 _aCultura semítica
_xEnseñanza bíblica.
650 0 4 _aBiblia. Profetas Menores-Crítica, Interpretación, Etc.
700 1 _aTiemeyer, Lena-Sofia,
_d1969-
_eeditor.
700 1 _aKrispenz, Jutta.
_tIdolatry, apostasy, prostitution : Hosea's struggle against the cult.
_iContainer of (work):
910 _ajck
_bjvq
_cjck
_d20170123.
942 _2ddc
_cBOOK
949 _a224.906 P8
_wDEWEY
_c1
_i75575
_lCATALOGING
_mBUL
_p30.00
_r0
_sY
_tBOOK
_u2017-01-23
_xTEOLOGIA
_zPOSGRADO TEOLOGÍA
_0COMPRA
_o.CIRCNOTE. El documento es de alto precio.
_o.STAFF. Colección Teología
596 _a1
999 _a224.906 P8
_wLC
_c15085
_i75575
_d15085
_f2021-11-9
_g5
_lCCODEBUL1
_mBUL
_p30.00
_q3
_r0
_sY
_tBOOK
_u2017-1-23
_xTEOLOGIA
_PP85
_0COMPRA
_o.STAFF. Colección Teología
980 _81
_gALBERTO SANCHEZ Responsable de Automatización